000 00314nam a22001337a 4500
008 181107b xxu||||| |||| 00| 0 eng d
020 _a9780374292881
041 _aeng
080 _a941
100 _a16
101 _aHIS
245 _aThe World Is Flat A Brief History
_cFriedman.TH.l
942 _2udc
_cBK
999 _c52109
_d52109